MARC

Tag First Indicator Second Indicator Subfields
LEADER 00000cam a2200000 i 4500
001 in00005770164
005 20260327172918.7
006 m o d
007 cr n |||
008 141209t19731973enka ob 001 0 eng d
040 |a COA  |b eng  |e pn  |e rda  |c COA  |d OCLCF  |d OCLCQ  |d OCLCO  |d OCLCL  |d OCLCQ  |d OCLCL 
020 |a 9780080171906 
020 |a 0080171907 
020 |a 9781483187051 
020 |a 1483187055 
024 8 |a (WaSeSS)ssj0001412951 
035 |a (OCoLC)1340067962 
050 1 4 |a QB461  |b .K3513 1973eb 
082 0 4 |a 523.01 
049 |a TXAM 
100 1 |a Kaplan, S. A.  |q (Samuil Aronovich) 
240 1 0 |a Plasma astrophysics (Online) 
245 1 0 |a Plasma astrophysics /  |c by S. A. Kaplan and V. N. Tsytovich ; translated and edited by D. ter Haar. 
264 1 |a Oxford, England :  |b Pergamon Press,  |c 1973. 
300 |a 1 online resource (319 pages) :  |b illustrations. 
336 |a text  |b txt  |2 rdacontent 
337 |a computer  |b c  |2 rdamedia 
338 |a online resource  |b cr  |2 rdacarrier 
347 |a text file  |2 rdaft  |0 http://rdaregistry.info/termList/fileType/1002. 
490 1 |a International Series of Monographs in Natural Philosophy ;  |v Volume 59. 
504 |a Includes bibliographical references and index. 
588 |a Description based on print version record. 
650 0 |a Astrophysics. 
650 0 |a Plasma turbulence. 
650 0 |a Radio astronomy. 
650 6 |a Astrophysique. 
650 6 |a Plasma (Gaz ionisés)  |x Turbulence. 
650 6 |a Radioastronomie. 
650 7 |a astrophysics.  |2 aat 
650 7 |a Astrophysics  |2 fast 
650 7 |a Plasma turbulence  |2 fast 
650 7 |a Radio astronomy  |2 fast 
655 7 |a Electronic books.  |2 local 
700 1 |a T︠S︡ytovich, V. N.  |q (Vadim Nikolaevich),  |d 1929- 
700 1 |a Haar, D. ter. 
710 2 |a ScienceDirect (Online service) 
758 |i has work:  |a Plasma astrophysics (Text)  |1 https://id.oclc.org/worldcat/entity/E39PCH49fc9txQ6TyXjyhdgJCP  |4 https://id.oclc.org/worldcat/ontology/hasWork 
776 0 8 |i Print version:  |a Kaplan, S. A. (Samuil Aronovich)  |t Plasma astrophysics.  |d Oxford, England : Pergamon Press, c1973  |h xiii, 302 pages  |k International series of monographs in natural philosophy ; Volume 59.  |z 9780080171906  |w 73005785. 
830 0 |a International series of monographs in natural philosophy ;  |v Volume 59. 
856 4 0 |u http://proxy.library.tamu.edu/login?url=https://www.sciencedirect.com/science/book/9780080171906  |z Connect to the full text of this electronic book  |t 0 
936 |a BATCHLOAD 
955 |a Elsevier ScienceDirect 2026-2027 
994 |a 92  |b TXA 
999 f f |i 2c24a89e-a5ce-4c20-9a6c-87c7eb2331d9  |s d83b16a9-f296-4fd9-a955-aaa9a668a3de  |t 0 
952 f f |a Texas A&M University  |b College Station  |c Electronic Resources  |s www_evans  |d Available Online  |t 0  |e QB461 .K3513 1973eb  |h Library of Congress classification 
998 f f |a QB461 .K3513 1973eb  |t 0  |l Available Online